[Event "MCR senioru 2014"]
[Site "Rychnov nad Kneznou"]
[Date "2014.08.16"]
[Round "1.1"]
[White "Sejkora, Vlastimil"]
[Black "Kasik, Miroslav"]
[Result "1-0"]
[WhiteElo "2241"]
[BlackElo "1833"]
[PlyCount "79"]
[EventDate "2014.??.??"]

1. e4 c5 2. Nf3 Nc6 3. Bb5 d6 4. O-O Bd7 5. Re1 e6 6. c3 a6 7. Bf1 Nge7 8. d4
cxd4 9. cxd4 d5 10. Nc3 Bc8 11. exd5 Nxd5 12. Bc4 Nxc3 13. bxc3 Be7 14. Qe2 O-O
15. Bf4 Bf6 16. Rab1 Ne7 17. Bd3 Ng6 18. Bg3 Qd7 19. h4 Rd8 20. h5 Nf8 21. h6
g6 22. Be5 Qe7 23. Qe3 Bxe5 24. Nxe5 f6 25. Nc4 b5 26. Na5 Bd7 27. Nb7 Rdb8 28.
Nc5 Rb6 29. a4 Rbb8 30. Be4 Ra7 31. Bd5 Rb6 32. a5 Rd6 33. Bf3 Bc8 34. Ne4 Rd8
35. d5 e5 36. Nxf6+ Kh8 37. d6 Rxd6 38. Ne4 Rd8 39. Ng5 Be6 40. Qxe5+ 1-0

[Event "MCR senioru 2014 - nad 60 let"]
[Site "Rychnov nad Kneznou"]
[Date "2014.08.16"]
[Round "1.2"]
[White "Prachar, Josef"]
[Black "Pilar, Miloslav"]
[Result "1/2-1/2"]
[WhiteElo "1832"]
[BlackElo "2225"]
[PlyCount "87"]
[EventDate "2014.??.??"]

1. d4 Nf6 2. c4 g6 3. Nc3 Bg7 4. e4 d6 5. f4 O-O 6. Nf3 Na6 7. e5 Ne8 8. Be3 c6
9. Qd2 Bg4 10. Be2 Nac7 11. h3 Bxf3 12. Bxf3 d5 13. cxd5 cxd5 14. h4 f5 15. h5
Rf7 16. hxg6 hxg6 17. g4 Qd7 18. Qg2 Kf8 19. gxf5 Qxf5 20. O-O-O Ne6 21. Bxd5
N8c7 22. Bxb7 Nxf4 23. Bxf4 Qxf4+ 24. Qd2 Rd8 25. Qxf4 Rxf4 26. Ne2 Rf2 27.
Rdf1 Bh6+ 28. Kc2 Rxf1 29. Rxf1+ Kg7 30. Be4 Be3 31. Rd1 Ne6 32. Kc3 Nf4 33.
Nxf4 Bxf4 34. Rf1 g5 35. Rh1 Rh8 36. Rxh8 Kxh8 37. Bf5 Kg7 38. Kc4 Kf7 39. Kd5
Be3 40. b4 Ke8 41. a4 Kd8 42. Kc4 Kc7 43. d5 Bf4 44. Kd4 1/2-1/2

[Event "MCR senioru 2014 - nad 60 let"]
[Site "Rychnov nad Kneznou"]
[Date "2014.08.16"]
[Round "1.3"]
[White "Janda, Zdenek"]
[Black "Kolek, Josef"]
[Result "1-0"]
[WhiteElo "2183"]
[BlackElo "1830"]
[PlyCount "63"]
[EventDate "2014.??.??"]

1. c4 Nf6 2. b3 b6 3. Bb2 Bb7 4. Nf3 d6 5. d4 Nbd7 6. e3 g6 7. Be2 Bg7 8. O-O
O-O 9. Nc3 e6 10. Qc2 Re8 11. Rad1 Rc8 12. h3 c6 13. Qb1 a6 14. e4 Qc7 15. Rfe1
e5 16. dxe5 Nxe5 17. Qa1 Nfd7 18. Nh2 f6 19. Qc1 h5 20. Qd2 Nf7 21. g4 hxg4 22.
Nxg4 Rcd8 23. Qf4 Nfe5 24. Ne3 Nf8 25. Qg3 Bc8 26. f4 Nf7 27. Kh2 Qe7 28. Bd3
Ne6 29. Ncd5 cxd5 30. Nxd5 Qd7 31. Qxg6 Nxf4 32. Nxf6+ 1-0

[Event "MCR senioru 2014 - nad 60 let"]
[Site "Rychnov nad Kneznou"]
[Date "2014.08.16"]
[Round "1.4"]
[White "Laska, Zdenek"]
[Black "Grabow, Holm Pouelsten"]
[Result "1/2-1/2"]
[WhiteElo "1823"]
[BlackElo "2150"]
[PlyCount "85"]
[EventDate "2014.??.??"]

1. d4 Nf6 2. c4 e6 3. Nf3 b6 4. g3 Ba6 5. Qa4 Bb7 6. Bg2 c5 7. O-O cxd4 8. Nxd4
Bxg2 9. Kxg2 Qc7 10. Bg5 Ne4 11. Be3 Be7 12. f3 Nd6 13. Nd2 Nc6 14. Nxc6 Qxc6
15. Qxc6 dxc6 16. Rac1 Nf5 17. Bf2 O-O-O 18. Ne4 Rd7 19. Rfd1 Rhd8 20. Rxd7
Rxd7 21. Rc2 c5 22. Rd2 Nd4 23. e3 Nc6 24. Rxd7 Kxd7 25. Be1 f5 26. Nf2 Bf6 27.
b3 a5 28. a4 g5 29. f4 h6 30. Nd3 Kd6 31. Bd2 e5 32. fxe5+ Nxe5 33. Nxe5 Bxe5
34. Kf3 g4+ 35. Kf2 h5 36. Ke2 Ke6 37. Be1 h4 38. Kf2 Bf6 39. Ke2 h3 40. Bf2
Bc3 41. Kd3 Be5 42. Ke2 Bb2 43. Kd3 1/2-1/2

[Event "MCR senioru 2014 - nad 60 let"]
[Site "Rychnov nad Kneznou"]
[Date "2014.08.16"]
[Round "1.5"]
[White "Mlynek, Petr"]
[Black "Portych, Vaclav"]
[Result "1-0"]
[WhiteElo "2150"]
[BlackElo "1823"]
[PlyCount "47"]
[EventDate "2014.??.??"]

1. d4 Nf6 2. c4 e6 3. g3 d5 4. Nf3 c5 5. cxd5 Nxd5 6. Bg2 cxd4 7. Nxd4 Bb4+ 8.
Bd2 Bxd2+ 9. Qxd2 O-O 10. O-O Bd7 11. Nc3 Bc6 12. Nxc6 bxc6 13. Rfd1 Na6 14.
Rac1 Rb8 15. Na4 Qe8 16. Qa5 Qc8 17. Bxd5 exd5 18. Rxd5 Nb4 19. Rd6 Qe8 20. a3
Qe7 21. Qc5 Na6 22. Qxc6 Rbc8 23. Qxc8 Qxd6 24. Qc2 1-0

[Event "MCR senioru 2014 - nad 60 let"]
[Site "Rychnov nad Kneznou"]
[Date "2014.08.16"]
[Round "1.6"]
[White "Kocour, Zdenek"]
[Black "Novotny, Josef"]
[Result "0-1"]
[WhiteElo "1821"]
[BlackElo "2134"]
[PlyCount "76"]
[EventDate "2014.??.??"]

1. c4 e6 2. Nc3 d6 3. g3 c6 4. Bg2 Nf6 5. d4 Be7 6. Nf3 Nbd7 7. O-O h5 8. Bg5
Nh7 9. Bxe7 Qxe7 10. e4 g5 11. Rc1 h4 12. e5 d5 13. c5 Ndf8 14. h3 Ng6 15. g4
O-O 16. Qd2 b6 17. b4 Ba6 18. Rfe1 Bc4 19. Bf1 b5 20. Bd3 Nf4 21. Bxc4 bxc4 22.
Kh2 Nd3 23. Rb1 Nxe1 24. Rxe1 f5 25. Ng1 fxg4 26. hxg4 Qf7 27. f3 Qg6 28. Re3
Rfb8 29. a3 Rb7 30. Re2 a5 31. Kh3 axb4 32. axb4 Ra1 33. Kh2 Rxb4 34. Nxd5 Qb1
35. Nf6+ Kh8 36. Rg2 Rba4 37. Qc2 Qxc2 38. Rxc2 R4a2 0-1

[Event "MCR senioru 2014 - nad 60 let"]
[Site "Rychnov nad Kneznou"]
[Date "2014.08.16"]
[Round "1.7"]
[White "Juricek, Stanislav"]
[Black "Perik, Alois"]
[Result "1-0"]
[WhiteElo "2131"]
[BlackElo "1817"]
[PlyCount "57"]
[EventDate "2014.??.??"]

1. e4 c6 2. d4 d5 3. exd5 cxd5 4. Bd3 Nc6 5. c3 Nf6 6. Bf4 e6 7. Nd2 Bd6 8.
Bxd6 Qxd6 9. Ngf3 Bd7 10. O-O O-O 11. Qe2 Ne7 12. Ne5 Ng6 13. f4 Bc6 14. Rae1
Nd7 15. Qh5 Ndxe5 16. fxe5 Qd7 17. Nf3 Bb5 18. Ng5 h6 19. Bxb5 Qxb5 20. Nxf7
Nh8 21. Nd6 Qxb2 22. Qh3 Qd2 23. Qxe6+ Kh7 24. Qxd5 Rxf1+ 25. Rxf1 Qe3+ 26. Kh1
Rf8 27. Rg1 Qxc3 28. Qe4+ Kg8 29. e6 1-0

[Event "MCR senioru 2014 - nad 60 let"]
[Site "Rychnov nad Kneznou"]
[Date "2014.08.16"]
[Round "1.8"]
[White "Korinek, Jaroslav"]
[Black "Jablecnik, Gustav"]
[Result "0-1"]
[WhiteElo "1810"]
[BlackElo "2107"]
[PlyCount "46"]
[EventDate "2014.??.??"]

1. e4 e5 2. Nf3 Nc6 3. Bb5 a6 4. Ba4 b5 5. Bb3 Bc5 6. c3 d6 7. h3 Qf6 8. d3 h6
9. Nbd2 Nge7 10. Nf1 Be6 11. Ne3 Bxe3 12. Bxe3 O-O 13. Nh2 Qg6 14. Qf3 f5 15.
Bxe6+ Qxe6 16. exf5 Rxf5 17. Qe2 Raf8 18. Nf3 Nd5 19. O-O Rxf3 20. Qxf3 Rxf3
21. gxf3 Qxh3 22. d4 Qxf3 23. Rae1 Nce7 0-1

[Event "MCR senioru 2014 - nad 60 let"]
[Site "Rychnov nad Kneznou"]
[Date "2014.08.16"]
[Round "1.9"]
[White "Uhmann, Jan"]
[Black "Bainhofner, Jiri"]
[Result "1-0"]
[WhiteElo "2094"]
[BlackElo "1806"]
[PlyCount "59"]
[EventDate "2014.??.??"]

1. d4 g6 2. c4 Nf6 3. Nc3 Bg7 4. e4 d6 5. f4 O-O 6. Nf3 c5 7. d5 Nbd7 8. Be2
Ne8 9. O-O Nc7 10. h3 h5 11. Be3 Bxc3 12. bxc3 Nf6 13. Ng5 Nce8 14. e5 Nh7 15.
Nxh7 Kxh7 16. Bxh5 Ng7 17. Bf3 Nf5 18. Bf2 Kg7 19. g4 Nh6 20. Kg2 Bd7 21. Qd3
Qc8 22. a4 b6 23. Rfe1 f5 24. e6 fxg4 25. hxg4 Be8 26. Be3 Ng8 27. g5 Qa6 28.
Rh1 Bxa4 29. Be4 b5 30. Bxg6 1-0

[Event "MCR senioru 2014 - nad 60 let"]
[Site "Rychnov nad Kneznou"]
[Date "2014.08.16"]
[Round "1.10"]
[White "Stankev, Martin"]
[Black "Jerman, Richard"]
[Result "1/2-1/2"]
[WhiteElo "1804"]
[BlackElo "2090"]
[PlyCount "46"]
[EventDate "2014.??.??"]

1. e4 c5 2. Nf3 Nc6 3. Bb5 a6 4. Bxc6 dxc6 5. d4 cxd4 6. Qxd4 Bg4 7. Be3 Nf6 8.
Nc3 Qxd4 9. Bxd4 Nd7 10. Na4 Bxf3 11. gxf3 e5 12. Be3 O-O-O 13. Nb6+ Kc7 14.
Nxd7 Rxd7 15. Rg1 Rd6 16. Rd1 Rxd1+ 17. Kxd1 g6 18. Ke2 Be7 19. Rd1 Rd8 20.
Rxd8 Kxd8 21. h3 Kd7 22. f4 Ke6 23. Kd3 exf4 1/2-1/2

[Event "MCR senioru 2014 - nad 60 let"]
[Site "Rychnov nad Kneznou"]
[Date "2014.08.16"]
[Round "1.11"]
[White "Hastik, Svatopluk"]
[Black "Istel, Oldrich"]
[Result "1-0"]
[WhiteElo "2075"]
[BlackElo "1798"]
[PlyCount "39"]
[EventDate "2014.??.??"]

1. d4 Nf6 2. c4 d5 3. Nc3 Bf5 4. Nf3 e6 5. Bg5 Be7 6. e3 h6 7. Bxf6 Bxf6 8.
cxd5 exd5 9. Qb3 Bd7 10. Nxd5 Bc6 11. Nxf6+ gxf6 12. Bc4 O-O 13. d5 Be8 14. O-O
b6 15. e4 Nd7 16. Nd4 Ne5 17. Nf5 Bd7 18. Qg3+ Ng6 19. d6 cxd6 20. Qxg6+ 1-0

[Event "MCR senioru 2014 - nad 60 let"]
[Site "Hewlett-Packard"]
[Date "2014.08.16"]
[Round "1.12"]
[White "Tsapanidis, Vasilis"]
[Black "Kotva, Milan"]
[Result "1/2-1/2"]
[WhiteElo "1780"]
[BlackElo "2037"]
[PlyCount "140"]

1. c4 c6 2. Nc3 d5 3. cxd5 cxd5 4. d4 Nf6 5. Nf3 e6 6. Bg5 h6 7. Bh4 Nbd7 8. e3
Bb4 9. Rc1 O-O 10. a3 Ba5 11. Bd3 a6 12. O-O b5 13. Ne5 Qe8 14. b4 Bb6 15. Bg3
Bb7 16. h3 Ne4 17. Bh2 f5 18. Ne2 Rc8 19. Rxc8 Qxc8 20. Ng6 Rf7 21. f3 Nef6 22.
Qc1 Qe8 23. Bd6 Nh7 24. Nef4 Bd8 25. Ne5 Nxe5 26. Bxe5 g5 27. Nh5 Nf8 28. g4
Ng6 29. Bd6 Nh4 30. Qc5 Qc6 31. Qxc6 Bxc6 32. Bg3 Bb6 33. Be5 Bd8 34. Bg3 fxg4
35. Bxh4 gxh4 36. fxg4 Bg5 37. Nf4 Bd7 38. Kg2 Kg7 39. Nh5+ Kf8 40. Rxf7+ Kxf7
41. Nf4 Ke7 42. Kf3 Kd6 43. Ng6 Bf6 44. Kf4 Be8 45. Ne5 Bg5+ 46. Kf3 h5 47.
gxh5 Bxh5+ 48. Kf2 Bf6 49. Bg6 Bd1 50. Ke1 Bb3 51. Nf7+ Kc7 52. Kd2 Bc4 53. Ne5
Bf1 54. Ng4 Be7 55. Nf2 a5 56. bxa5 Bxa3 57. Bd3 Bb4+ 58. Kc2 Bxd3+ 59. Nxd3
Bxa5 60. Nc5 e5 61. dxe5 Bb6 62. Ne6+ Kd7 63. Nd4 Bc7 64. e6+ Ke7 65. Nf5+ Kxe6
66. Nxh4 Ke5 67. Kd3 Bb6 68. Nf3+ Kf5 69. Nd4+ Kg5 70. Nxb5 Bxe3 1/2-1/2

[Event "MCR senioru 2014 - nad 60 let"]
[Site "Hewlett-Packard"]
[Date "2014.08.16"]
[Round "1.13"]
[White "Trojan, Lubos"]
[Black "Wiedermann, Jan"]
[Result "1-0"]
[WhiteElo "2032"]
[BlackElo "1780"]
[PlyCount "72"]

1. d4 d5 2. Nf3 Nf6 3. Bf4 e6 4. e3 Bd6 5. Bxd6 Qxd6 6. Nbd2 O-O 7. Ne5 Nbd7 8.
f4 Qb4 9. Nd3 Qa5 10. b4 Qb6 11. Qf3 a5 12. c3 axb4 13. cxb4 Qd6 14. g4 b6 15.
g5 Ne8 16. Be2 Ba6 17. a3 g6 18. h4 Ng7 19. h5 Nf5 20. Qh3 h6 21. gxh6 Kh7 22.
Nf3 gxh5 23. Ng5+ Kh8 24. Qxh5 Qe7 25. Kf2 f6 26. Nf3 Rg8 27. Rag1 Bc4 28. Nh4
Rxg1 29. Rxg1 Nxh4 30. Rg7 Qe8 31. Qxh4 Rxa3 32. Bh5 Ra2+ 33. Kg3 Qf8 34. Nf2
Qd8 35. Bf7 Qe7 36. Qg4 f5 1-0

[Event "MCR senioru 2014 - nad 60 let"]
[Site "Hewlett-Packard"]
[Date "2014.08.16"]
[Round "1.14"]
[White "Vlachopulos, Elefteris"]
[Black "Drabek, Miloslav"]
[Result "0-1"]
[WhiteElo "1776"]
[BlackElo "2028"]
[PlyCount "101"]
[EventDate "2014.??.??"]

1. d4 Nf6 2. Nf3 d6 3. c4 Nbd7 4. Nc3 e5 5. dxe5 dxe5 6. Bg5 c6 7. a3 Be7 8.
Qc2 O-O 9. e3 Qc7 10. Be2 Re8 11. Rc1 a5 12. O-O Nc5 13. Rfd1 a4 14. Nd2 Be6
15. h3 h6 16. Bh4 g6 17. e4 Qa5 18. Bg3 Nfd7 19. Nd5 Bg5 20. f4 exf4 21. Nxf4
Qb6 22. Kh2 Bf6 23. Rb1 Ne5 24. Nxe6 Nxe6 25. Nf3 Nxf3+ 26. Bxf3 Nd4 27. Qf2
Rad8 28. Rf1 Bg7 29. Bd1 Rd7 30. Re1 Qc5 31. Rc1 Nb3 32. Qxc5 Nxc5 33. Bg4 Rd2
34. Rb1 Rxe4 35. Rxe4 Nxe4 36. Bc8 Nxg3 37. Kxg3 Rd3+ 38. Kf2 Rb3 39. Ke2 Bf8
40. Kd2 Bxa3 41. Kc2 Bc5 42. Ra1 Bd4 43. Rxa4 Rxb2+ 44. Kd3 c5 45. Ra7 b5 46.
cxb5 Rxb5 47. Bb7 Rb6 48. Bd5 Rf6 49. Ke4 Kg7 50. Rd7 h5 51. Rc7 0-1

[Event "MCR senioru 2014 - 60"]
[Site "?"]
[Date "2014.08.16"]
[Round "1.15"]
[White "Just, Pavel"]
[Black "Palla, Stanislav"]
[Result "1/2-1/2"]
[WhiteElo "2013"]
[BlackElo "1769"]
[PlyCount "87"]
[EventDate "2014.??.??"]

1. e4 c5 2. Nf3 e6 3. d4 cxd4 4. Nxd4 Nf6 5. Bd3 a6 6. O-O d6 7. Be3 Be7 8. c4
Qc7 9. Nc3 O-O 10. Rc1 Nbd7 11. b3 b6 12. Bb1 Bb7 13. Qe2 Rac8 14. f4 Rfe8 15.
h3 h6 16. g4 Nh7 17. Nf3 Bf6 18. Rfd1 Nc5 19. Nd4 Bxd4 20. Bxd4 e5 21. fxe5
dxe5 22. Be3 Rcd8 23. Nd5 Bxd5 24. cxd5 a5 25. Qb5 Rc8 26. a3 Qd6 27. b4 axb4
28. axb4 Nd7 29. Bd3 Nhf6 30. Kg2 Rc7 31. Rxc7 Qxc7 32. Rc1 Qb7 33. Qc6 Rb8 34.
Kf3 g5 35. Bb5 Kg7 36. Qd6 Rc8 37. Rc6 Qb8 38. Qxb8 Rxb8 39. Rc7 Nf8 40. Re7
Ng6 41. d6 Nxe7 42. dxe7 Ne8 43. Bxe8 Rxe8 44. Bxb6 1/2-1/2

[Event "MCR senioru 2014- 60"]
[Site "?"]
[Date "2014.08.16"]
[Round "1.16"]
[White "Tejcek, Bohumil"]
[Black "Zboril, Jaroslav"]
[Result "0-1"]
[WhiteElo "1734"]
[BlackElo "1973"]
[PlyCount "62"]
[EventDate "2014.??.??"]

1. d4 d6 2. Nf3 Bg4 3. e3 e6 4. Bb5+ c6 5. Be2 Nf6 6. O-O Be7 7. c4 O-O 8. Nc3
Nbd7 9. Bd2 d5 10. Rc1 Bd6 11. c5 Bc7 12. b4 e5 13. dxe5 Bxe5 14. Nxe5 Nxe5 15.
f3 Bf5 16. Be1 Qe7 17. Bf2 Rfd8 18. Qb3 Nc4 19. Bxc4 dxc4 20. Qxc4 Bd3 21. Qh4
Bxf1 22. Kxf1 Qe6 23. e4 Qc4+ 24. Ne2 Qxb4 25. Be1 Qb5 26. Kf2 Rd3 27. Kg3 Re8
28. Nc3 Qb2 29. Rb1 Qc2 30. Rxb7 Rxc3 31. e5 Qg6+ 0-1

[Event "MCR senioru 2014 - nad 60 let"]
[Site "Hewlett-Packard"]
[Date "2014.08.16"]
[Round "1.17"]
[White "Sibl, Vaclav"]
[Black "Koutecky, Jiri"]
[Result "1-0"]
[WhiteElo "1965"]
[BlackElo "1726"]
[PlyCount "61"]

1. d4 d5 2. Bf4 Nf6 3. e3 e6 4. Nf3 c5 5. c3 Nbd7 6. Nbd2 h6 7. Ne5 a6 8. Bd3
Nxe5 9. Bxe5 Bd6 10. Nf3 b5 11. O-O O-O 12. Rc1 Bb7 13. Bxd6 Qxd6 14. Ne5 Rac8
15. Qe2 c4 16. Bb1 Nd7 17. Nxd7 Qxd7 18. f4 f5 19. Rf3 Rf6 20. Rg3 Qf7 21. Kh1
Bc6 22. Rg1 Rg6 23. Rxg6 Qxg6 24. g4 Qf7 25. Qg2 Rf8 26. gxf5 exf5 27. Bxf5 Kh8
28. Be6 Qb7 29. f5 Rf6 30. Qg3 Bd7 31. Qxg7# 1-0

[Event "MCR senioru 2014 - nad 60 let"]
[Site "Hewlett-Packard"]
[Date "2014.08.16"]
[Round "1.18"]
[White "Palla, Rostislav"]
[Black "Dolezal, Radoslav"]
[Result "0-1"]
[WhiteElo "1724"]
[BlackElo "1956"]
[PlyCount "74"]

1. e4 e5 2. Nf3 Nc6 3. Bb5 a6 4. Ba4 Nf6 5. O-O b5 6. Bb3 Be7 7. Re1 O-O 8. c3
d5 9. exd5 Nxd5 10. Nxe5 Nxe5 11. Rxe5 c6 12. Bxd5 cxd5 13. d4 Bd6 14. Re1 Qh4
15. g3 Qh3 16. Qf3 Bf5 17. Qg2 Qh5 18. Be3 Be4 19. f3 Bxf3 20. Qf2 f5 21. Nd2
Be4 22. Bf4 Bxf4 23. Qxf4 Rae8 24. Nxe4 fxe4 25. Qd2 Rf3 26. Qg2 Ref8 27. Rf1
g5 28. Rxf3 Rxf3 29. Rf1 g4 30. Rxf3 gxf3 31. Qd2 Qf5 32. b3 Kg7 33. a4 Kg6 34.
axb5 axb5 35. Qa2 e3 36. Qa6+ Kg5 37. h4+ Kg4 0-1

[Event "MCR senioru 2014 - 60"]
[Site "?"]
[Date "2014.08.16"]
[Round "1.19"]
[White "Sobotnik, Petr"]
[Black "Feldvabl, Vilem"]
[Result "1-0"]
[WhiteElo "1951"]
[BlackElo "1712"]
[PlyCount "113"]
[EventDate "2014.??.??"]

1. c4 c5 2. Nc3 Nc6 3. g3 e5 4. Nf3 Be7 5. Bg2 d6 6. d3 Nf6 7. a3 O-O 8. Rb1 a5
9. Bd2 Rb8 10. O-O Bd7 11. h3 Nd4 12. e3 Nxf3+ 13. Qxf3 Bc6 14. e4 Bd7 15. Qe2
h6 16. f4 Nh7 17. Nd5 b6 18. b4 axb4 19. axb4 Bf6 20. f5 Bg5 21. Be1 Be6 22.
Nc3 Ra8 23. h4 Bf6 24. Bd2 Kh8 25. Rb2 Rg8 26. Nd5 Bxd5 27. cxd5 Qe7 28. bxc5
bxc5 29. Rfb1 Rgd8 30. Rb7 Qe8 31. Qh5 Kg8 32. Qg4 Kf8 33. Qd1 Rdb8 34. R7b3
Qc8 35. Qc2 Bd8 36. Kh2 Nf6 37. Bf3 Bc7 38. g4 Rxb3 39. Rxb3 Rb8 40. g5 hxg5
41. hxg5 Rxb3 42. Qxb3 Ng8 43. Kg3 Qb8 44. Qa4 Qe8 45. Qa6 Qb8 46. Bg4 Bd8 47.
Bh5 Ne7 48. Qa4 g6 49. fxg6 Nxg6 50. Bg4 Qc7 51. Qd1 Be7 52. Bf5 Qd8 53. Qh5
Ke8 54. Bxg6 fxg6 55. Qxg6+ Kd7 56. Qe6+ Kc7 57. Ba5+ 1-0

[Event "MCR senoru 2014-60"]
[Site "Hewlett-Packard"]
[Date "2014.08.16"]
[Round "1.20"]
[White "Dvorak, Eduard"]
[Black "Pavlis, Jaromir"]
[Result "1/2-1/2"]
[WhiteElo "1708"]
[BlackElo "1948"]
[PlyCount "58"]

1. e4 d6 2. d4 g6 3. Bc4 Nf6 4. Qe2 Bg7 5. c3 O-O 6. Nf3 c6 7. Bb3 Bg4 8. h3
Bxf3 9. Qxf3 Nbd7 10. Be3 Qc7 11. Nd2 b5 12. O-O c5 13. Rac1 Rac8 14. Qe2 Qb7
15. f3 e5 16. d5 Nh5 17. Qf2 h6 18. c4 b4 19. Ba4 Nf4 20. Bc2 g5 21. Rfd1 Nb6
22. b3 Ra8 23. Nf1 Nc8 24. Nh2 Ne7 25. Qg3 Neg6 26. Qg4 Qe7 27. Qg3 Qd7 28. Qg4
Qxg4 29. fxg4 Ne7 1/2-1/2

[Event "MCR senioru 2014 - nad 60 let"]
[Site "Hewlett-Packard"]
[Date "2014.08.16"]
[Round "1.21"]
[White "Rucka, Alois"]
[Black "Bukacek, Lubomir"]
[Result "1-0"]
[WhiteElo "1936"]
[BlackElo "1707"]
[PlyCount "55"]

1. Nf3 e6 2. g3 b6 3. Bg2 Bb7 4. O-O Nf6 5. b3 Be7 6. Bb2 O-O 7. d3 d5 8. Nbd2
Nbd7 9. Re1 c5 10. e4 d4 11. e5 Nd5 12. Ne4 Re8 13. c3 dxc3 14. Nxc3 Nf8 15.
Qe2 Nb4 16. Rad1 Qc8 17. a3 Nc6 18. Ne4 Rd8 19. h4 Na5 20. Qc2 Bd5 21. Nfd2 Qb7
22. Nc4 Rac8 23. f4 Rc7 24. Ned6 Qa6 25. b4 cxb4 26. axb4 Nxc4 27. Bxd5 exd5
28. dxc4 necitelny zapis 1-0

[Event "MCR senioru 2014 - nad 60 let"]
[Site "Hewlett-Packard"]
[Date "2014.08.16"]
[Round "1.22"]
[White "Janecek, Frantisek"]
[Black "Sveda, Jiri"]
[Result "1-0"]
[WhiteElo "1699"]
[BlackElo "1927"]
[PlyCount "81"]

1. c4 f5 2. Nc3 e6 3. Nf3 Nf6 4. d3 d5 5. cxd5 exd5 6. a3 c6 7. e3 Bd6 8. b4
O-O 9. g3 Qe7 10. Qc2 Bd7 11. Bg2 Be8 12. O-O Bh5 13. Qa2 Nbd7 14. Nd4 Bg6 15.
f4 Kh8 16. Bd2 Rfe8 17. Rae1 Qf8 18. Qb1 Bc7 19. Kh1 Re7 20. e4 Ng8 21. exd5
Rxe1 22. Rxe1 c5 23. Ne6 Qc8 24. Nb5 Bb8 25. d6 a6 26. Nbc7 Ra7 27. bxc5 Bf7
28. Bc3 Bxe6 29. Bxg7+ Kxg7 30. Nxe6+ Kh6 31. d4 Kg6 32. g4 Nh6 33. g5 Ng4 34.
h3 Nf2+ 35. Kg1 Bxd6 36. cxd6 b5 37. Kxf2 Nb6 38. Nc5 Rf7 39. Re6+ Kg7 40. Qe1
Nc4 41. Re8 1-0

[Event "MCR senioru 2014 - nad 60 let"]
[Site "Hewlett-Packard"]
[Date "2014.08.16"]
[Round "1.23"]
[White "Koci, Ladislav"]
[Black "Ondrich, Jan"]
[Result "1-0"]
[WhiteElo "1915"]
[BlackElo "1696"]
[PlyCount "67"]

1. d4 Nf6 2. c4 d5 3. Nc3 e6 4. cxd5 exd5 5. Qc2 c6 6. Bg5 Be7 7. Nf3 h6 8. Bf4
Bd6 9. Bxd6 Qxd6 10. e3 O-O 11. Bd3 Nbd7 12. O-O Re8 13. h3 a6 14. Rab1 b5 15.
Rfc1 Qe7 16. Ne2 Bb7 17. Ng3 Ne4 18. Bxe4 dxe4 19. Nd2 c5 20. dxc5 Rac8 21. b4
Qe5 22. Nb3 Bd5 23. Qd2 Nb8 24. Nd4 Be6 25. Qb2 Qd5 26. Nxe6 Qxe6 27. Rd1 Red8
28. Qc2 f5 29. Ne2 Nc6 30. a3 Ne5 31. Nf4 Qf7 32. Rxd8+ Rxd8 33. Rd1 Nd3 34.
Nxd3 1-0

[Event "MCR senioru 2014 - nad 60 let"]
[Site "?"]
[Date "2014.08.16"]
[Round "1.24"]
[White "Svec, Ludek"]
[Black "Innemann, Frantisek"]
[Result "1/2-1/2"]
[WhiteElo "1906"]
[BlackElo "1693"]
[PlyCount "147"]
[EventDate "2014.??.??"]

1. Nf3 d5 2. d4 Nf6 3. g3 g6 4. Bg2 Bg7 5. c4 O-O 6. cxd5 Nxd5 7. O-O c6 8. e4
Nf6 9. Nc3 Bg4 10. h3 Bxf3 11. Bxf3 Qd7 12. Bg2 Rd8 13. Be3 Na6 14. Qb3 e6 15.
Rad1 Qe7 16. Rd2 Rd7 17. Rfd1 Rad8 18. d5 cxd5 19. exd5 b6 20. dxe6 fxe6 21.
Rxd7 Rxd7 22. Rxd7 Qxd7 23. Qc4 Nc7 24. Bc6 Qf7 25. Bf4 Ncd5 26. Be5 Nxc3 27.
Bxc3 Nd5 28. Bxg7 Kxg7 29. Kg2 Qf5 30. Qd4+ Qf6 31. Qxf6+ Kxf6 32. Ba4 Nb4 33.
a3 Nd3 34. b4 h6 35. Kf3 Ne5+ 36. Ke4 Nc4 37. Kd4 Nd6 38. Bc6 g5 39. g4 Nc8 40.
Ke4 Ne7 41. Bb7 Ng6 42. Ba6 Ke7 43. Bf1 Kd6 44. Kd4 Ne5 45. Bg2 Nd7 46. Ke4 b5
47. Bf1 a6 48. f4 Nf6+ 49. Kf3 Nd5 50. fxg5 hxg5 51. h4 gxh4 52. g5 Ke5 53. Bh3
Nf4 54. Bg4 Ng6 55. Bh3 Kd5 56. Ke3 Ke5 57. Bg4 Nf4 58. Kf3 Nd5 59. Bh3 Ne7 60.
Bg4 Nf5 61. Bh3 Ne7 62. Bg4 Kd5 63. Ke3 Nf5+ 64. Kf4 Ne7 65. Bh3 e5+ 66. Ke3
Ng6 67. Bf5 Ne7 68. Bh3 Ng6 69. Bf5 Ne7 70. Bh3 Ng6 71. Bf5 Nf4 72. g6 Nh5 73.
Bg4 Ng7 74. Bh3 1/2-1/2

[Event "MCR senioru 2014 - nad 60 let"]
[Site "?"]
[Date "2014.08.16"]
[Round "1.25"]
[White "Franc, Lubor"]
[Black "Brhlik, Antonin"]
[Result "0-1"]
[WhiteElo "1905"]
[BlackElo "1688"]
[PlyCount "50"]
[EventDate "2014.??.??"]
[SourceDate "2014.08.16"]

1. e4 c5 2. Nf3 Nc6 3. d4 cxd4 4. Nxd4 Nf6 5. Nc3 e5 6. Ndb5 d6 7. Bg5 a6 8.
Bxf6 gxf6 9. Na3 b5 10. Nd5 Bg7 11. c3 Ne7 12. Nc2 f5 13. Nxe7 Qxe7 14. exf5 d5
15. Qxd5 Bb7 16. Qd3 Rd8 17. Qe2 O-O 18. a4 bxa4 19. Rxa4 Rd6 20. Rd4 Rfd8 21.
Rxd6 Qxd6 22. h4 a5 23. c4 Ba6 24. Rh3 Bxc4 25. Rd3 Qxd3 0-1

[Event "MCR senioru 2014 - nad 50 let"]
[Site "Rychnov nad Kneznou"]
[Date "2014.08.16"]
[Round "1.1"]
[White "Urban, Zdenek"]
[Black "Nisztuk, Michal"]
[Result "1-0"]
[WhiteElo "2152"]
[BlackElo "1743"]
[PlyCount "61"]
[EventDate "2014.??.??"]

1. d4 d5 2. c4 c6 3. Nf3 Nf6 4. Nc3 Bf5 5. Qb3 Qb6 6. c5 Qxb3 7. axb3 Na6 8.
Bf4 Nb4 9. Ra4 Na6 10. e3 Bc8 11. b4 Nh5 12. b5 Nxf4 13. exf4 Nc7 14. b6 axb6
15. cxb6 Rxa4 16. Nxa4 Ne6 17. g3 g6 18. Kd2 Ng7 19. Nc5 f6 20. Be2 Ne6 21. Ra1
Nxc5 22. dxc5 e5 23. Ra8 Kd8 24. fxe5 Bxc5 25. exf6 Bxb6 26. Ng5 Kc7 27. f7 Kd6
28. Nxh7 Bd8 29. f8=Q+ Rxf8 30. Nxf8 Kc7 31. Nxg6 1-0

[Event "MCR senioru 2014 - nad 50 let"]
[Site "Rychnov nad Kneznou"]
[Date "2014.08.16"]
[Round "1.2"]
[White "Cvejn, Jaroslav"]
[Black "Shilov, Sergej"]
[Result "0-1"]
[WhiteElo "1733"]
[BlackElo "2141"]
[PlyCount "66"]
[EventDate "2014.??.??"]

1. e4 c5 2. Nf3 a6 3. d4 cxd4 4. Nxd4 Nf6 5. e5 Qa5+ 6. c3 Qxe5+ 7. Be2 e6 8.
Nd2 d5 9. N2f3 Qc7 10. Bg5 Ne4 11. Bh4 Bd6 12. O-O O-O 13. h3 Nd7 14. Nc2 f5
15. Ne3 Ndf6 16. Bxf6 Nxf6 17. Rc1 Qb6 18. b4 Bf4 19. Qd4 Qd6 20. Rcd1 e5 21.
Qd2 Be6 22. Qb2 Qb6 23. Nc2 Ne4 24. c4 d4 25. c5 Qc7 26. Na3 Nc3 27. Rde1 Nxe2+
28. Qxe2 Rae8 29. g3 d3 30. Qb2 e4 31. gxf4 exf3 32. Qd2 Qf7 33. Qxd3 Qg6+ 0-1

[Event "MCR senioru 2014 - nad 50 let"]
[Site "Rychnov nad Kneznou"]
[Date "2014.08.16"]
[Round "1.3"]
[White "Lorenc, Oldrich"]
[Black "Zoufaly, Petr"]
[Result "1-0"]
[WhiteElo "2081"]
[BlackElo "1719"]
[PlyCount "55"]
[EventDate "2014.??.??"]

1. Nf3 e6 2. c4 d5 3. b3 Nf6 4. Bb2 Be7 5. g3 O-O 6. Bg2 c6 7. O-O Nbd7 8. Qc2
h6 9. d3 Qb6 10. e4 dxe4 11. dxe4 Nh7 12. Nbd2 Re8 13. Rad1 a5 14. Qc3 Bf6 15.
e5 Be7 16. Ne4 Rd8 17. Nd6 f6 18. Ba3 c5 19. Nb5 fxe5 20. Qe3 Nb8 21. Nxe5 Nc6
22. Ng6 Bg5 23. f4 Rxd1 24. Rxd1 Nb4 25. fxg5 Nc2 26. Qe5 Nxg5 27. Bxc5 Nf7 28.
Bxb6 1-0

[Event "MCR senioru 2014 - nad 50 let"]
[Site "Rychnov nad Kneznou"]
[Date "2014.08.16"]
[Round "1.4"]
[White "Zmeskal, Stanislav"]
[Black "Elias, Miroslav"]
[Result "0-1"]
[WhiteElo "1691"]
[BlackElo "2079"]
[PlyCount "58"]
[EventDate "2014.??.??"]

1. e4 e5 2. f4 Bc5 3. Nf3 d6 4. d4 exd4 5. Nxd4 Nf6 6. Nc3 O-O 7. Be3 Re8 8.
Bd3 c6 9. Qd2 Bb4 10. O-O-O c5 11. Ndb5 a6 12. Nxd6 Qxd6 13. e5 Qe6 14. f5 Qxe5
15. Rhe1 Nc6 16. Bf2 Qxh2 17. Rh1 Qd6 18. Qg5 Nd4 19. Qh4 Bd7 20. Ne4 Rxe4 21.
Bxe4 Qf4+ 22. Qxf4 Ne2+ 23. Kb1 Nxf4 24. Bxb7 Rb8 25. Bxa6 Bxf5 26. Bg3 g5 27.
Rhf1 Bc3 28. Bxf4 Rxb2+ 29. Kc1 Rxc2+ 0-1